00495nam a2200181Ia 4500003000400000005001700004008004100021020002200062040000700084041000800091082002400099100002200123245007900145260003200224300001600256365001700272650002400289OSt20230318113245.0210423s2004 xx 000 0 und d a978-1-4419-2311-0 cAL aeng a332.0151 223bSHES aSHREVE (Steven E) aStochastic calculus for finance II: continuous time models with 28 figures aUSAbSpringer Pvt Ltdc2004 axix,550bPB b2464.57cUSD aFinancial Economics